Kluby które najwięcej razy zdobyły superpuchar Polski - Statystyki

Ogólne statystyki
  • Ten quiz został rozwiązany 45 razy
    11 od ostatniego zresetowania
  • Średni wynik to 5 z 9
Statystyki odpowiedzi
Zwycięstwa Kluby % Poprawnych
6 Lech Poznań
100%
5 Legia Warszawa
100%
2 Raków Częstochowa
71%
2 Jagiellonia Białystok
57%
2 Arka Gdynia
43%
2 Lechia Gdańsk
43%
2 Śląsk Wrocław
43%
2 Amica Wronki
14%
2 GKS Katowice
14%
Nie znaleziono quizów pasujących do podanych kryteriów
Rozkład punktacji
Procent ludzi z każdym wynikiem
Percentyl według liczby udzielonych odpowiedzi
Twoja historia wyników
Nie rozwiązałeś tego quizu od ostatniego zresetowania